Cargando...
Reethikaleen kavye ki /
| Autor Principal: | |
|---|---|
| Formato: | Printed Book |
| Idioma: | Hindi |
| Publicado: |
Madurai :
Javahar Pusthakalay ,
1972.
|
| Subjects: |
| LEADER | 00492nam a2200145Ia 4500 | ||
|---|---|---|---|
| 008 | 150624b xxu||||| |||| 00| p hin d | ||
| 082 | |a 861.3109 | ||
| 100 | |a Venkat Reman Rao | ||
| 245 | |c Venkat Reman Rao |a Reethikaleen kavye ki / | ||
| 260 | |a Madurai : |b Javahar Pusthakalay , |c 1972. | ||
| 546 | |a In Hindi. | ||
| 650 | |v Poetry | ||
| 942 | |c BK | ||
| 999 | |c 91917 |d 91917 | ||
| 952 | |0 0 |1 0 |4 0 |6 861_310900000000000_RAO_R_H |7 0 |9 91859 |a UL |b UL |c ST2 |d 1998-09-15 |l 0 |o 861.3109 RAO/R H |p 55324 |r 2012-10-27 |w 2012-10-27 |y BK | ||